| 000 | 00347nam a2200145Ia 4500 | ||
|---|---|---|---|
| 008 | 221030s9999 xx 000 0 und d | ||
| 041 | _aEnglish | ||
| 082 |
_a105.23 _bDas |
||
| 100 | _aS. Dasari | ||
| 245 | 0 | _aEnergy Data Inputs For Electric Power System Planning | |
| 260 |
_bIBT Pub _aDelhi _c1987 |
||
| 300 | _a163 | ||
| 650 | _aEE | ||
| 942 | _cBK | ||
| 999 |
_c991 _d991 |
||